|
|
|
|
| LEADER |
03110nam a2200553 4500 |
| 001 |
978-3-540-46027-5 |
| 003 |
DE-He213 |
| 005 |
20191027122708.0 |
| 007 |
cr nn 008mamaa |
| 008 |
121227s2002 gw | s |||| 0|eng d |
| 020 |
|
|
|a 9783540460275
|9 978-3-540-46027-5
|
| 024 |
7 |
|
|a 10.1007/3-540-46027-6
|2 doi
|
| 040 |
|
|
|d GrThAP
|
| 050 |
|
4 |
|a Q334-342
|
| 072 |
|
7 |
|a UYQ
|2 bicssc
|
| 072 |
|
7 |
|a COM004000
|2 bisacsh
|
| 072 |
|
7 |
|a UYQ
|2 thema
|
| 082 |
0 |
4 |
|a 006.3
|2 23
|
| 100 |
1 |
|
|a Zhang, Chengqi.
|e author.
|4 aut
|4 http://id.loc.gov/vocabulary/relators/aut
|
| 245 |
1 |
0 |
|a Association Rule Mining
|h [electronic resource] :
|b Models and Algorithms /
|c by Chengqi Zhang, Shichao Zhang.
|
| 250 |
|
|
|a 1st ed. 2002.
|
| 264 |
|
1 |
|a Berlin, Heidelberg :
|b Springer Berlin Heidelberg :
|b Imprint: Springer,
|c 2002.
|
| 300 |
|
|
|a XII, 244 p.
|b online resource.
|
| 336 |
|
|
|a text
|b txt
|2 rdacontent
|
| 337 |
|
|
|a computer
|b c
|2 rdamedia
|
| 338 |
|
|
|a online resource
|b cr
|2 rdacarrier
|
| 347 |
|
|
|a text file
|b PDF
|2 rda
|
| 490 |
1 |
|
|a Lecture Notes in Artificial Intelligence ;
|v 2307
|
| 505 |
0 |
|
|a Association Rule -- Negative Association Rule -- Causality in Databases -- Causal Rule Analysis -- Association Rules in Very Large Databases -- Association Rules in Small Databases -- Conclusion and Future Work.
|
| 520 |
|
|
|a Due to the popularity of knowledge discovery and data mining, in practice as well as among academic and corporate R&D professionals, association rule mining is receiving increasing attention. The authors present the recent progress achieved in mining quantitative association rules, causal rules, exceptional rules, negative association rules, association rules in multi-databases, and association rules in small databases. This book is written for researchers, professionals, and students working in the fields of data mining, data analysis, machine learning, knowledge discovery in databases, and anyone who is interested in association rule mining.
|
| 650 |
|
0 |
|a Artificial intelligence.
|
| 650 |
|
0 |
|a Database management.
|
| 650 |
|
0 |
|a Information storage and retrieval.
|
| 650 |
|
0 |
|a Algorithms.
|
| 650 |
1 |
4 |
|a Artificial Intelligence.
|0 http://scigraph.springernature.com/things/product-market-codes/I21000
|
| 650 |
2 |
4 |
|a Database Management.
|0 http://scigraph.springernature.com/things/product-market-codes/I18024
|
| 650 |
2 |
4 |
|a Information Storage and Retrieval.
|0 http://scigraph.springernature.com/things/product-market-codes/I18032
|
| 650 |
2 |
4 |
|a Algorithm Analysis and Problem Complexity.
|0 http://scigraph.springernature.com/things/product-market-codes/I16021
|
| 700 |
1 |
|
|a Zhang, Shichao.
|e author.
|4 aut
|4 http://id.loc.gov/vocabulary/relators/aut
|
| 710 |
2 |
|
|a SpringerLink (Online service)
|
| 773 |
0 |
|
|t Springer eBooks
|
| 776 |
0 |
8 |
|i Printed edition:
|z 9783662165751
|
| 776 |
0 |
8 |
|i Printed edition:
|z 9783540435334
|
| 830 |
|
0 |
|a Lecture Notes in Artificial Intelligence ;
|v 2307
|
| 856 |
4 |
0 |
|u https://doi.org/10.1007/3-540-46027-6
|z Full Text via HEAL-Link
|
| 912 |
|
|
|a ZDB-2-SCS
|
| 912 |
|
|
|a ZDB-2-LNC
|
| 912 |
|
|
|a ZDB-2-BAE
|
| 950 |
|
|
|a Computer Science (Springer-11645)
|